000 00379nam a2200157Ia 4500
008 230524s9999 xx 000 0 und d
082 _a620.16
_bLIN
100 _aRoy A.Lindberg
245 0 _aProcess and Materials of Manufacture
250 _a4TH
260 _aNEW DELHI
_bPHI
_c2004
300 _aXI;856
500 _aQuantity Number: 3
650 _aPhysics
942 _cBK
999 _c27310
_d27310